Historia de la campaña de 1647 en Flandes (Record no. 163838)

MARC details
000 -LEADER
campo de control de longitud fija 01108nam a2200229 i 4500
001 - NÚMERO DE CONTROL
campo de control 163838
003 - IDENTIFICADOR DE NÚMERO DE CONTROL
campo de control ES-MaACL
005 - FECHA Y HORA DE LA ÚLTIMA TRANSACCIÓN
campo de control 20250907063125.0
008 - DATOS DE LONGITUD FIJA--INFORMACIÓN GENERAL
campo de control de longitud fija 991104s1884 sp f |||| | spa d
040 ## - FUENTE DE CATALOGACIÓN
Centro catalogador/agencia de origen CCPB | B
Lengua de catalogación spa
Centro/agencia transcriptor CCPB | B
100 1# - ENTRADA PRINCIPAL--NOMBRE DE PERSONA
Nombre de persona Rodríguez Villa, Antonio,
Fechas asociadas al nombre 1843-1912
9 (RLIN) 98860
245 10 - MENCIÓN DEL TÍTULO
Título Historia de la campaña de 1647 en Flandes
Resto del título : siendo Gobernador General de aquellos países por España el Archiduque Leopoldo /
Mención de responsabilidad, etc. por Antonio Rodríguez Villa.
260 ## - PUBLICACIÓN, DISTRIBUCIÓN, ETC.
Lugar de publicación, distribución, etc. Madrid :
Nombre del editor, distribuidor, etc. [s.n.],
Fecha de publicación, distribución, etc. 1884 (
Fabricante tipografía de Manuel G. Hernández)
300 ## - DESCRIPCIÓN FÍSICA
Extensión 98 p., [2] h. de grab. ;
Dimensiones 24 cm.
600 14 - PUNTO DE ACCESO ADICIONAL DE MATERIA--NOMBRE DE PERSONA
Nombre de persona Leopold Wilhelm
Títulos y otros términos asociados al nombre Archiduque de Austria (
Fechas asociadas al nombre 1614-1662)
9 (RLIN) 163674
650 #4 - PUNTO DE ACCESO ADICIONAL DE MATERIA--TÉRMINO DE MATERIA
Término de materia o nombre geográfico como elemento de entrada Guerra franco-española, 1635-1659-
Subdivisión general Campañas.
9 (RLIN) 163675
651 #4 - PUNTO DE ACCESO ADICIONAL DE MATERIA--NOMBRE GEOGRÁFICO
Nombre geográfico España-
Subdivisión general Historia-
Subdivisión cronológica 1621-1665, Felipe IV.
9 (RLIN) 8235
651 #0 - PUNTO DE ACCESO ADICIONAL DE MATERIA--NOMBRE GEOGRÁFICO
Nombre geográfico Países Bajos-
Subdivisión general Historia-
Subdivisión cronológica 1556-1648 (Guerras de la Independencia)
9 (RLIN) 241409
651 #4 - PUNTO DE ACCESO ADICIONAL DE MATERIA--NOMBRE GEOGRÁFICO
Nombre geográfico Países Bajos-
Subdivisión general Historia-
Subdivisión cronológica S.XVII.
9 (RLIN) 161208
852 ## - LOCALIZACIÓN
Ubicación ES-MaACL
Número de control de estantería T-825-F-4
Nota libre -- Enc. hol., conservando la cub. original
-- -- Enc. en un vol. facticio
Holdings
Estatus retirado Estado de pérdida Estado de daño No para préstamo Colección Biblioteca de origen Biblioteca actual Ubicación en estantería Fecha de adquisición Total de préstamos Signatura topográfica completa Código de barras Visto por última vez Precio de reemplazo Tipo de ítem Koha
        Colección de folletos Biblioteca del Ateneo de Madrid Biblioteca del Ateneo de Madrid Depósito folletos 17/01/2008   T-825-F-4 1171703 23/02/2023 23/02/2023 Folleto